| 000 | 00470nam a2200157Ia 4500 | ||
|---|---|---|---|
| 008 | 210716s9999 xx 000 0 und d | ||
| 020 | _a0805806490 | ||
| 041 | _aeng | ||
| 082 | _a659.1042 RICJ | ||
| 100 | _aRichard, Jef I. | ||
| 245 |
_aDeceptive advertising: behavioral study of a legal concept. _bBehavioral study of a legal concept. |
||
| 250 | _a1 | ||
| 260 |
_aNew Jersey _bLawrence Erlbaum Associates Publishers |
||
| 300 | _axlv,244 | ||
| 650 | _aAdvertising | ||
| 999 |
_c206500 _d206500 |
||